Site Waste Management Plans (Record no. 80078)

MARC details
000 -LEADER
fixed length control field 00732cab a22002175a 4500
001 - CONTROL NUMBER
control field L143170
008 - FIXED-LENGTH DATA ELEMENTS--GENERAL INFORMATION
fixed length control field 080414e20080409xxk f 000 0 eng d
035 ## - SYSTEM CONTROL NUMBER
System control number (Sirsi) u143170
041 0# - LANGUAGE CODE
Language code of text/sound track or separate title eng
110 2# - MAIN ENTRY--CORPORATE NAME
Corporate name or jurisdiction name as entry element NetRegs
9 (RLIN) 5113
245 00 - TITLE STATEMENT
Title Site Waste Management Plans
Remainder of title Q and A
260 ## - PUBLICATION, DISTRIBUTION, ETC.
Date of publication, distribution, etc. 2008
490 #0 - SERIES STATEMENT
Series statement Contract Journal
Volume/sequential designation 442(6670) 9 April 2008, 22-23(2)
520 ## - SUMMARY, ETC.
Summary, etc. Explains how to create a Site Waste Management Plan (SWMP) in nine simple steps. Includes a brief background to SWMPs and some key site waste facts.
590 ## - LOCAL NOTE (RLIN)
Local note KA
650 24 - SUBJECT ADDED ENTRY--TOPICAL TERM
Topical term or geographic name entry element SITE WASTE MANAGEMENT PLANS
651 #4 - SUBJECT ADDED ENTRY--GEOGRAPHIC NAME
Geographic name England
Chronological subdivision 886-
690 ## - LOCAL SUBJECT ADDED ENTRY--TOPICAL TERM (OCLC, RLIN)
Topical term or geographic name as entry element BUILT ENVIRONMENT
690 ## - LOCAL SUBJECT ADDED ENTRY--TOPICAL TERM (OCLC, RLIN)
Topical term or geographic name as entry element ENVIRONMENTAL AND LAND CONSULTANCY-WASTE MANAGEMENT
942 ## - ADDED ENTRY ELEMENTS (KOHA)
Suppress in OPAC 0
Holdings
Withdrawn status Lost status Source of classification or shelving scheme Damaged status Not for loan Home library Current library Shelving location Date acquired Total Checkouts Full call number Barcode Date last seen Copy number Price effective from Koha item type
    Dewey Decimal Classification     London London Journal article 14/04/2008   L143170 143170-1001 06/08/2019 1 06/08/2019 Journal article